000 00880nam a2200241 a 4500
999 _c12335
_d12335
001 12335
003 BD-JhCC
005 20211101093003.0
008 211101b2019 bg |||| ||a| 001 0 Ben d
035 _a(BD-JhCC)12235
040 _aBD-JhCC
_dBD-JhCC
041 _aBengali
082 _a297.523
_bKAS 2019
100 _aকাসেমী,মুহাম্মদ ইনআমুল হক
245 _aনামায-বিশ্বকোষ /
_cমুহাম্মদ ইনআমুল হক কাসেমী, মাওলানা আবু হানীফ ।
260 _aঢাকা:
_bআনোয়ার লাইব্রেরী;
_c২০১৯.
300 _a400 p. :
_c22 cm.
650 _aPrayer---Islam
650 _aIslam customs and practices
700 _aহানীফ,মাওলানা আবু
942 _2ddc
_cBK